000 00291nam a22001337a 4500
008 170713b xxu||||| |||| 00| 0 eng d
020 _a2900534543357
041 _aeng
080 _a101
100 _a24
101 _aFIL
245 _aDO THE RIGHT THING
_cBECKWITH,F.J
942 _2udc
_cBK
999 _c20667
_d20667